Pół wieku Katedry Historii Sztuki Starożytnej i Wczesnochrześcijańskiej w Katolickim Uniwersytecie Lubelskim
| Titel: | Pół wieku Katedry Historii Sztuki Starożytnej i Wczesnochrześcijańskiej w Katolickim Uniwersytecie Lubelskim |
|---|---|
| Verfasser: | |
| In: |
Roczniki humanistyczne. 4, Historia sztuki, Band 51 (2003), Seite 7-18 alle Artikel anzeigen |
| Veröffentlicht: | 2003 |
| Format: | Aufsatz |
| Sprache: | Polnisch |
X
alg: 39393935 001A $01999:12-11-16 001B $01999:29-05-21 $t17:38:53.000 001C $06050:19-11-16 $t09:38:53.000 001D $01999:12-11-16 001U $0utf8 001X $00 002@ $0Aox 003@ $0393939359 007A $0393939359 $aHEB 007T $0Herdk53153 010@ $apol 011@ $a2003 021A $aPół wieku Katedry Historii Sztuki Starożytnej i Wczesnochrześcijańskiej w Katolickim Uniwersytecie Lubelskim 028A $aIwaszkiewicz-Wronikowska $dBożena 031A $d51 $h7-18 $j2003 037A $aLata 1950-2000.037A $aang. res. 039B $aIn $8--Abvc--. Roczniki humanistyczne. 4, Historia sztuki. - Lublin, 1987-. - ISSN 0035-7707 $x200300000510000993 $9048654892 045F $a307.09438 $eDDC23BSB 045F/01 $a307.09 045F/03 $g438 045T $a25 $a9,10 045T $aLING $qDE-30 $2FID lok: 39393935 78 exp: 39393935 78 1 #EPN 201B/01 $027-03-18 $t23:18:23.000 201U/01 $0utf8 203@/01 $0790049872 208@/01 $a12-11-16 $be 209A/01 $a/ $f000 $x00 220C/01 $aTitelaufnehmer: pbb 220C/01 $aHerkunft: IH PAN/PBB Kraków 244Z/01 $2Trx $#Poola $#Lenkija $#Polija $#Polen Land $#Poland $#Lengyelország $#Poľsko $#Polsko $8--Trx--Polska$gkraj $x01 $9391345966 244Z/01 $#Lublin $#Ljublin $#Lublin, Urza̜d Miejski $#Urza̜d Miejski Lublin $74036418-5 $8--Tg1--Lublin $x02 $908509868X 244Z/01 $aGeschichte 1950-2000 $x03 244Z/01 $2Trx $#ülikoolid $#universitetai $#universitāte $#Universities $#egyetemek $#uniwersytety $#univerzity $#univerzity $#Hochschulen $#vysoké školy $8--Trx--Universitäten $x04 $9391373862 244Z/01 $2Trx $#kunstiajalugu teadus $#meno istorija mokslas $#art history $#müvészettörténet tudomány $#historia sztuki nauka $#dejiny umenia náuka $#dějiny umění nauka $8--Trx--Kunstgeschichte$gWissenschaft $x05 $9391363522 244Z/01 $2Trx $8--Trx--Zeitschriftenaufsatz $x06 $9391384341 245Z/01 $a13.03 $x01 245Z/01 $a11.05 $x02 247C/01 $82080>Marburg/Lahn, Herder-Institut, Forschungsbibliothek, Bibliographieportal $9336309341
| LEADER | 00000caa a22000002c 4500 | ||
|---|---|---|---|
| 001 | 393939359 | ||
| 003 | DE-603 | ||
| 005 | 20210529173853.0 | ||
| 007 | tu | ||
| 008 | 161112s2003 xx |||| | u00||u|pol c | ||
| 035 | |a (DE-599)HEB393939359 | ||
| 040 | |a DE-603 |b ger |c DE-603 |d DE-603 | ||
| 041 | |a pol | ||
| 082 | 0 | 4 | |8 1\u |a 307.09438 |q DE-101 |2 23/BSB |
| 084 | |a 25 |a 9,10 |2 ssgn | ||
| 084 | |a LING |q DE-30 |2 fid | ||
| 085 | |8 1\u |b 307.09 | ||
| 085 | |8 1\u |z 2 |s 438 | ||
| 100 | 1 | |a Iwaszkiewicz-Wronikowska, Bożena | |
| 245 | 0 | 0 | |a Pół wieku Katedry Historii Sztuki Starożytnej i Wczesnochrześcijańskiej w Katolickim Uniwersytecie Lubelskim |
| 264 | 0 | |c 2003 | |
| 500 | |a Lata 1950-2000. <pol> | ||
| 500 | |a ang. res. | ||
| 773 | 0 | 8 | |i In |t Roczniki humanistyczne. 4, Historia sztuki |d Lublin, 1987- |x 0035-7707 |g Band 51 (2003), Seite 7-18 |w (DE-603)048654892 |w (DE-600)1212573-8 |
| 924 | 0 | |9 2080 |a (DE-603)790049872 |b DE-2080 |c HES |d d |g / | |


